Reakcie nových koordinačných zlúčenín s potenciálom aplikácie vo farmácii sledované spektroskopickými technikami

Na minha lista:
Detalhes bibliográficos
Autor principal: Spišák, Tomáš (Author)
Outros Autores: Rapta, Peter (Thesis advisor)
Formato: Manuscrito Livro
Idioma:eslovaco
Publicado em: 2023
Assuntos:
Acesso em linha:http://is.stuba.sk/zp/portal_zp.pl?podrobnosti=165378
Tags: Adicionar Tag
Sem tags, seja o primeiro a adicionar uma tag!

MARC

LEADER 00000ntm a22000003a 4500
001 stuzp94214
003 SK-STU
005 20230909221407.8
007 ta
008 150427s2015----xo-----f-mn---000-0-slo-d
040 |a STU  |b slo 
041 0 |a slo 
100 1 |a Spišák, Tomáš  |u 045210  |4 aut  |U FCHPT Ústav fyzikálnej chémie a chemickej fyziky  |T FCHPT Oddelenie fyzikálnej chémie  |X 112301  |U C5210  |Y 117  |7 112301 
242 0 1 |a Reactions of metal complexes as potential pharmaceuticals studied by spectroscopic methods  |y eng 
245 1 0 |a Reakcie nových koordinačných zlúčenín s potenciálom aplikácie vo farmácii sledované spektroskopickými technikami 
260 |c 2023 
650 4 |a biologicky aktívne komplexy medi a zinku  |2 slo 
650 4 |a kyselina askorbová  |2 slo 
650 4 |a redukčné deje  |2 slo 
650 4 |a UV-vis spektroskopia  |2 slo 
650 4 |a stabilita komplexov  |2 slo 
650 4 |a UV-vis spectroscopy  |2 eng 
650 4 |a biologically active Cu and Zn complexes  |2 eng 
650 4 |a ascorbic acid  |2 eng 
650 4 |a stability of complexes  |2 eng 
650 4 |a reduction processes  |2 eng 
700 1 |a Rapta, Peter  |u 045000  |k Z1  |4 ths  |U FCHPT Fakulta chemickej a potravinárskej technológie  |T FCHPT Ústav fyzikálnej chémie a chemickej fyziky  |X 3878  |U C5000  |Y 103  |7 A000003878 
856 4 |u http://is.stuba.sk/zp/portal_zp.pl?podrobnosti=165378